The Edinburgh annual register.

Bibliographic Details
Other Authors: Scott, Walter, 1771-1832
Format: Serial
Language:English
Published: Edinburgh : London : Cadell and Davies ; William Miller ; John Murray ; Robert Scholey, John Ballantyne and Co. ; Longman, Hurst, Rees, and Orme ; 1810-1828.
Subjects:
Online Availability: Check for online availability

MARC

Tag First Indicator Second Indicator Subfields
LEADER 00000cas a2200000Ka 4500
001 in00002787946
005 20151202171652.0
006 m o d
007 cr bn||||||abp
007 cr bn||||||ada
008 100423d18081826stkar oo 0 a0eng d
016 7 |a 007846836  |2 Uk 
022 |y 2043-2178 
035 |a (OCoLC)ocn608802573 
035 |a (OCoLC)608802573 
040 |a OCLCE  |b eng  |c OCLCE  |d UKMGB  |d OCLCQ  |d OCLCA  |d OCLCQ  |d OCLCO  |d TXA  |d UtOrBLW 
042 |a dlr 
043 |a e------ 
049 |a TXAM 
050 4 |a D2  |b .E2 Electronic 
082 0 4 |a 940.28  |b Sc86, v. 
245 0 4 |a The Edinburgh annual register. 
264 1 |a Edinburgh :  |b John Ballantyne and Co. ;  |a London :  |b Longman, Hurst, Rees, and Orme ;  |a Cadell and Davies ;  |a William Miller ;  |a John Murray ;  |a Robert Scholey,  |c 1810-1828. 
310 |a Annual 
336 |a text  |b txt  |2 rdacontent 
337 |a computer  |b c  |2 rdamedia 
338 |a online resource  |b cr  |2 rdacarrier 
362 1 |a Began with: Vol. 1, pt. 1 (1808); ceased with: Vol. 19, pts. 1, 2 and 3 (1826). 
500 |a The historical sketches of 1814 and 1815 were written by Scott. 
500 |a Editor: "Sir Walter Scott was the ostensible editor of this work."--Lowndes' Bibliographer's manual. 
506 |3 Use copy  |f Restrictions unspecified  |2 star  |5 MiAaHDL 
515 |a Vols. 1-9 in 2 parts each : pt. 1, History of Europe; pt. 2, Chronicle, Poetry [etc.]--Vols. 10-15 in 2 parts each : pt. 1, Historical; pt. 2 Literary and miscellaneous.--Vols. 16-19 in 3 parts each : pt. 1, Historical; pt. 2, Literary and miscellaneous; pt. 3, Chronicle. 
533 |a Electronic reproduction.  |b [S.l.] :  |c HathiTrust Digital Library,  |d 2010.  |5 MiAaHDL 
550 |a Imprint varies: 1808-, John Ballantyne & Co., Edinburgh; Longman, Hurst, Rees, and Orme; Cadell & Davies; William Miller; John Murray; and Robert Scholey, London; 1814-, Archibald Constable and Co., Edinburgh; Longman, Hurst, Rees, Orme, and Brown, London. 
583 1 |a digitized  |c 2010  |h HathiTrust Digital Library  |l committed to preserve  |2 pda  |5 MiAaHDL 
588 |a Description based on: Vol. 1, pt. 1 (1808); title from PDF vol. page (HathiTrust, viewed Nov. 1, 2012). 
588 |a Last issue consulted: Vol. 19, pts. 1, 2 and 3 (1826) (HathiTrust, viewed Nov. 1, 2012). 
500 |a Electronic resource. 
651 0 |a Europe  |x History  |y 1789-1900  |v Periodicals. 
700 1 |a Scott, Walter,  |d 1771-1832. 
776 0 8 |i Print version:  |t Edinburgh annual register  |w (DLC) 04018678  |w (OCoLC)4043682 
948 |a cataloged  |b h  |c 2012/12/4  |d c  |e spoltoratski  |f 12:06:49 pm  |g sc 
994 |a C0  |b TXA 
999 |a MARS 
999 f f |s 4e00ba41-b0dd-3549-902e-94effda5bb18  |i de8657eb-ad0a-362a-ac19-60bf01492b87  |t 0 
952 f f |a Texas A&M University  |b College Station  |c Electronic Resources  |d Available Online  |t 0  |e D2 .E2  |g Electronic  |h Library of Congress classification 
998 f f |a D2 .E2  |t 0  |l Available Online